[Event "ENG-ch Seniors"]
[Site "Gatwick"]
[Date "2011.10.28"]
[Round "3"]
[White "Prizant, Michael"]
[Black "Waterfield, John"]
[Result "1/2-1/2"]
[WhiteElo "2136"]
[BlackElo "2008"]
[PlyCount "29"]
[EventDate "2011.10.26"]
[EventType "swiss"]
[EventRounds "5"]
[EventCountry "ENG"]
[SourceTitle "EXT 2019"]
[Source "ChessBase"]
[SourceDate "2018.10.10"]
[SourceVersion "1"]
[SourceVersionDate "2018.10.10"]
[SourceQuality "1"]

1. e4 c5 2. c3 g6 3. d4 cxd4 4. cxd4 d5 5. Nc3 dxe4 6. Bc4 Nf6 7. Qb3 e6 8. d5 exd5 9. Nxd5 Bg7 10. Bg5 0-0 11. 0-0-0 Nbd7 12. Ne2 Qa5 13. Bd2 Qd8 14. Bg5 Qa5 15. Bd2 1/2-1/2

[Event "IRL-ch e2e4"]
[Site "Dublin"]
[Date "2011.07.10"]
[Round "9"]
[White "Jones, Iolo Cerredig"]
[Black "Prizant, Michael"]
[Result "1-0"]
[WhiteElo "2286"]
[BlackElo "2126"]
[PlyCount "67"]
[EventDate "2011.07.02"]
[EventType "swiss"]
[EventRounds "9"]
[EventCountry "IRL"]
[SourceTitle "CBM 143 Extra"]
[Source "ChessBase"]
[SourceDate "2011.08.29"]
[SourceVersion "1"]
[SourceVersionDate "2011.08.29"]
[SourceQuality "1"]

1. d4 d5 2. Nf3 Bf5 3. g3 h6 4. Bg2 Nf6 5. c4 e6 6. Nc3 c6 7. Qb3 Qb6 8. c5 Qxb3 9. axb3 Be7 10. b4 0-0 11. 0-0 Ne4 12. Nxe4 Bxe4 13. Nd2 Bxg2 14. Kxg2 Bf6 15. Nb3 e5 16. Na5 b6 17. Nb3 Nd7 18. e3 exd4 19. exd4 Rfe8 20. Bd2 bxc5 21. bxc5 Nf8 22. Bc3 Ne6 23. Ra6 Rec8 24. Rfa1 Rc7 25. R1a4 Kf8 26. f4 g6 27. Kf3 Rb8 28. Nc1 Ke8 29. Nd3 Ra8 30. Ke3 Kd7 31. Nb4 h5 32. Kd3 h4 33. Ra1 Nd8 34. Nxd5 1-0

[Event "IRL-ch e2e4"]
[Site "Dublin"]
[Date "2011.07.04"]
[Round "3"]
[White "Prizant, Michael"]
[Black "Benson, Oisin P"]
[Result "1-0"]
[WhiteElo "2126"]
[BlackElo "2003"]
[PlyCount "121"]
[EventDate "2011.07.02"]
[EventType "swiss"]
[EventRounds "9"]
[EventCountry "IRL"]
[SourceTitle "CBM 143 Extra"]
[Source "ChessBase"]
[SourceDate "2011.08.29"]
[SourceVersion "1"]
[SourceVersionDate "2011.08.29"]
[SourceQuality "1"]

1. e4 c5 2. c3 Nf6 3. e5 Nd5 4. d4 cxd4 5. Nf3 Nc6 6. cxd4 d6 7. Bc4 Nb6 8. Bb5 a6 9. Bxc6+ bxc6 10. Nc3 Bg4 11. h3 Bh5 12. g4 Bg6 13. e6 fxe6 14. Ng5 Qd7 15. Qe2 Bf7 16. 0-0 Nd5 17. Re1 Nc7 18. Nxf7 Kxf7 19. Ne4 h6 20. Be3 g6 21. Rac1 Rb8 22. Rc2 Bg7 23. Rec1 c5 24. dxc5 d5 25. c6 Qc8 26. Nc5 e5 27. Nd7 Rb5 28. Bc5 e4 29. Qd1 Bxb2 30. Rb1 Bf6 31. Rxb5 axb5 32. f3 exf3 33. Qxf3 Kg7 34. Rf2 Rf8 35. Nxf8 Qxf8 36. Bd4 Qd8 37. Bxf6+ exf6 38. Qa3 Kf7 39. Re2 Ne6 40. Qa7+ Nc7 41. Qc5 f5 42. gxf5 gxf5 43. Qd4 Qd6 44. Qe5 Qxe5 45. Rxe5 Kf6 46. Re1 d4 47. Kf2 h5 48. Kg3 Ne6 49. Rc1 Nc7 50. Re1 Ne6 51. h4 Nc7 52. Kf3 Nd5 53. Rc1 Nc7 54. Ke2 Ke5 55. Kd3 Kd5 56. Rf1 Ke5 57. Re1+ Kd5 58. Re7 Kxc6 59. Kxd4 f4 60. Rh7 b4 61. Rxh5 1-0

[Event "IRL-ch e2e4"]
[Site "Dublin"]
[Date "2011.07.02"]
[Round "1"]
[White "Prizant, Michael"]
[Black "Loughran, John"]
[Result "1-0"]
[WhiteElo "2126"]
[BlackElo "1916"]
[PlyCount "111"]
[EventDate "2011.07.02"]
[EventType "swiss"]
[EventRounds "9"]
[EventCountry "IRL"]
[SourceTitle "CBM 143 Extra"]
[Source "ChessBase"]
[SourceDate "2011.08.29"]
[SourceVersion "1"]
[SourceVersionDate "2011.08.29"]
[SourceQuality "1"]

1. e4 e5 2. Nf3 Nc6 3. d4 exd4 4. Nxd4 Bc5 5. Nb3 Bb6 6. Nc3 Qf6 7. Qe2 Nge7 8. Be3 Bxe3 9. Qxe3 a6 10. 0-0-0 d6 11. Nd5 Nxd5 12. exd5+ Ne7 13. Re1 Kd8 14. Qd2 Bd7 15. c4 h5 16. Bd3 Qh6 17. f4 Re8 18. g3 Qf6 19. Kb1 Kc8 20. Re2 b6 21. Rhe1 Kb7 22. Bc2 g6 23. Qd4 Ng8 24. Qxf6 Nxf6 25. Nd4 Rxe2 26. Rxe2 Re8 27. Rxe8 Bxe8 28. Nf3 Kc8 29. f5 Ng4 30. Kc1 Kd7 31. Kd2 Ke7 32. fxg6 fxg6 33. b3 Kf6 34. Ke2 g5 35. h4 gxh4 36. gxh4 Bd7 37. Nd4 Ne5 38. Kf2 Ng4+ 39. Kg3 Ne3 40. Kf4 Ng4 41. Bd1 Kg6 42. Ne6 Bxe6 43. dxe6 Nf6 44. Bc2+ Kg7 45. Kg5 d5 46. cxd5 Nxd5 47. Bg6 c5 48. Bxh5 b5 49. Bf3 Nc7 50. Kf5 c4 51. bxc4 bxc4 52. Ke5 c3 53. Be4 Nb5 54. h5 Na3 55. h6+ Kxh6 56. e7 1-0

[Event "Brighton e2e4 Challengers-D"]
[Site "Brighton"]
[Date "2011.02.23"]
[Round "1"]
[White "Milnes, Anthony CP"]
[Black "Prizant, Michael"]
[Result "0-1"]
[WhiteElo "2077"]
[BlackElo "2137"]
[PlyCount "66"]
[EventDate "2011.02.23"]
[EventType "tourn"]
[EventRounds "9"]
[EventCountry "ENG"]
[SourceTitle "CBM 141 Extra"]
[Source "ChessBase"]
[SourceDate "2011.05.03"]
[SourceVersion "1"]
[SourceVersionDate "2011.05.03"]
[SourceQuality "1"]

1. f4 e5 2. e4 d5 3. exd5 exf4 4. Nf3 Nf6 5. Bc4 Nxd5 6. Bxd5 Qxd5 7. Nc3 Qf5 8. 0-0 Nc6 9. d4 Be6 10. Ne2 Bd6 11. b3 g5 12. c4 g4 13. Ne1 f3 14. gxf3 gxf3 15. Rxf3 Qg4+ 16. Kh1 0-0-0 17. Bf4 Bxf4 18. Rxf4 Qg6 19. Qc2 Qg7 20. Rd1 Bg4 21. d5 Ne5 22. Rd2 Rhg8 23. Ng3 h5 24. Rg2 Bh3 25. Rg1 Qg5 26. Qf2 Qh6 27. Nf5 Rxg1+ 28. Kxg1 Qg6+ 29. Kh1 Re8 30. d6 Bxf5 31. Rxf5 cxd6 32. c5 Ng4 33. Qf1 Ne3 0-1

[Event "EU-chT Seniors 10th"]
[Site "Dresden"]
[Date "2008.02.19"]
[Round "9.2"]
[White "Hottes, Dieter"]
[Black "Prizant, Michael"]
[Result "1/2-1/2"]
[WhiteElo "2200"]
[BlackElo "2169"]
[PlyCount "41"]
[EventDate "2008.02.11"]
[EventType "team-swiss"]
[EventRounds "9"]
[EventCountry "GER"]
[SourceTitle "CBM 122 Extra"]
[Source "ChessBase"]
[SourceDate "2008.03.04"]
[SourceVersion "1"]
[SourceVersionDate "2008.03.04"]
[SourceQuality "1"]
[WhiteTeam "Wuerttemberg"]
[BlackTeam "England II"]
[WhiteTeamCountry "GER"]
[BlackTeamCountry "ENG"]

1. c4 e6 2. Nc3 d5 3. d4 c5 4. cxd5 exd5 5. Nf3 Nc6 6. g3 Nf6 7. Bg2 Be7 8. 0-0 0-0 9. Bg5 cxd4 10. Nxd4 h6 11. Be3 Re8 12. Qb3 Na5 13. Qc2 Bg4 14. Rad1 Rc8 15. Qd3 Nc4 16. Bc1 Bb4 17. Nb1 Bc5 18. Nc3 Bb4 19. Nb1 Bc5 20. Nf3 Qd7 21. Nd4 1/2-1/2

[Event "EU-chT Seniors 10th"]
[Site "Dresden"]
[Date "2008.02.18"]
[Round "8.2"]
[White "Prizant, Michael"]
[Black "Titz, Heimo"]
[Result "1-0"]
[WhiteElo "2169"]
[BlackElo "2205"]
[PlyCount "77"]
[EventDate "2008.02.11"]
[EventType "team-swiss"]
[EventRounds "9"]
[EventCountry "GER"]
[SourceTitle "CBM 122 Extra"]
[Source "ChessBase"]
[SourceDate "2008.03.04"]
[SourceVersion "1"]
[SourceVersionDate "2008.03.04"]
[SourceQuality "1"]
[WhiteTeam "England II"]
[BlackTeam "Wien"]
[WhiteTeamCountry "ENG"]
[BlackTeamCountry "AUT"]

1. e4 c5 2. c3 d5 3. exd5 Qxd5 4. d4 Nf6 5. Nf3 e6 6. Bd3 Nc6 7. 0-0 Be7 8. Be3 cxd4 9. cxd4 0-0 10. Nc3 Qd6 11. a3 b6 12. Rc1 Bb7 13. Bb1 Rac8 14. Qd3 g6 15. Rfd1 Rfd8 16. Ba2 Qb8 17. h3 Na5 18. Ne5 Nd5 19. Bh6 Nxc3 20. Rxc3 Rxc3 21. Qxc3 Qc8 22. Qd2 Bd5 23. Qf4 f6 24. Bxd5 Rxd5 25. Rc1 Qd8 26. Nf3 Bd6 27. Qe3 Qd7 28. b4 Nb7 29. Bf4 Nd8 30. Bxd6 Rxd6 31. Qf4 Kg7 32. b5 Nf7 33. a4 h6 34. Qe4 Qe7 35. Rc8 Rd7 36. Qc6 Nd8 37. Qc4 Qd6 38. Qc2 Qf4 39. Qb3 1-0

[Event "EU-chT Seniors 10th"]
[Site "Dresden"]
[Date "2008.02.17"]
[Round "7.2"]
[White "Rapoport, Vladimir"]
[Black "Prizant, Michael"]
[Result "1-0"]
[WhiteElo "2271"]
[BlackElo "2169"]
[PlyCount "93"]
[EventDate "2008.02.11"]
[EventType "team-swiss"]
[EventRounds "9"]
[EventCountry "GER"]
[SourceTitle "CBM 122 Extra"]
[Source "ChessBase"]
[SourceDate "2008.03.04"]
[SourceVersion "1"]
[SourceVersionDate "2008.03.04"]
[SourceQuality "1"]
[WhiteTeam "Hessen"]
[BlackTeam "England II"]
[WhiteTeamCountry "GER"]
[BlackTeamCountry "ENG"]

1. Nf3 d5 2. g3 c5 3. Bg2 Nc6 4. 0-0 e5 5. d3 Nf6 6. Nbd2 Be7 7. e4 0-0 8. Re1 dxe4 9. dxe4 Qc7 10. c3 h6 11. h3 Be6 12. Qe2 Rfd8 13. Kh2 a6 14. Nh4 Bf8 15. Nc4 b5 16. Ne3 g6 17. Qf3 Bg7 18. Ng4 Nxg4+ 19. hxg4 Qe7 20. Be3 c4 21. Bf1 Rab8 22. a3 Na5 23. Rad1 Nb3 24. Ng2 Rxd1 25. Rxd1 Rd8 26. Bb6 Rxd1 27. Qxd1 Qd7 28. Qxd7 Bxd7 29. f3 Bf8 30. Bc7 f6 31. Ne3 Bc6 32. Nxc4 Nc5 33. Ne3 Na4 34. Nd1 Kf7 35. Bd3 Ke6 36. Bc2 Nc5 37. b4 Kd7 38. Bb6 Nb7 39. Ne3 Nd6 40. Bc5 Bg7 41. Kg2 Nb7 42. Bb6 Kd6 43. Bb3 Ke7 44. Nd5+ Kd7 45. Nc7 f5 46. gxf5 gxf5 47. Be6+ 1-0

[Event "EU-chT Seniors 10th"]
[Site "Dresden"]
[Date "2008.02.16"]
[Round "6.2"]
[White "Prizant, Michael"]
[Black "Vink, Wim"]
[Result "1/2-1/2"]
[WhiteElo "2169"]
[BlackElo "2058"]
[PlyCount "32"]
[EventDate "2008.02.11"]
[EventType "team-swiss"]
[EventRounds "9"]
[EventCountry "GER"]
[SourceTitle "CBM 122 Extra"]
[Source "ChessBase"]
[SourceDate "2008.03.04"]
[SourceVersion "1"]
[SourceVersionDate "2008.03.04"]
[SourceQuality "1"]
[WhiteTeam "England II"]
[BlackTeam "DD Oranjeteam II"]
[WhiteTeamCountry "ENG"]
[BlackTeamCountry "NED"]

1. e4 c6 2. d4 d5 3. Nc3 dxe4 4. Nxe4 Nd7 5. Bc4 e6 6. Nf3 Ngf6 7. Ng3 Bd6 8. 0-0 0-0 9. Qe2 Qc7 10. Re1 c5 11. c3 Nb6 12. Bb3 Bd7 13. Ne5 Ba4 14. Bxa4 Nxa4 15. Qe4 cxd4 16. cxd4 Bxe5 1/2-1/2

[Event "BCF-chT4 0607 (4NCL)"]
[Site "Sunningdale"]
[Date "2007.05.28"]
[Round "11.11"]
[White "Cooley, Christopher Martin"]
[Black "Prizant, Michael"]
[Result "1/2-1/2"]
[WhiteElo "2276"]
[BlackElo "2159"]
[PlyCount "96"]
[EventDate "2006.09.16"]
[EventType "team-tourn"]
[EventRounds "11"]
[EventCountry "ENG"]
[SourceTitle "EXT 2008"]
[Source "ChessBase"]
[SourceDate "2007.11.25"]
[SourceVersion "1"]
[SourceVersionDate "2007.11.25"]
[SourceQuality "1"]
[WhiteTeam "Jutes of Kent"]
[BlackTeam "Conquistadors"]
[WhiteTeamCountry "ENG"]
[BlackTeamCountry "ENG"]

1. e4 c5 2. c3 g6 3. d4 cxd4 4. cxd4 d5 5. e5 Bg7 6. Nc3 Nc6 7. f4 Nh6 8. Nf3 Bg4 9. Be3 Nf5 10. Bf2 Bxf3 11. Qxf3 Nfxd4 12. Qd1 Ne6 13. g3 d4 14. Ne4 Qa5+ 15. Nd2 0-0 16. Bc4 Rad8 17. h4 Nc5 18. 0-0 b5 19. Be2 d3 20. Bg4 Nd4 21. Nb3 Ncxb3 22. axb3 Qb4 23. Rxa7 Nxb3 24. h5 gxh5 25. Bxh5 d2 26. Qg4 e6 27. Qg5 Rc8 28. f5 h6 29. Qe3 exf5 30. e6 fxe6 31. Qxe6+ Kh8 32. Qg6 Rg8 33. Rxg7 Rxg7 34. Qxh6+ Rh7 35. Qf6+ Rg7 36. Bf7 Rc1 37. Qh6+ Rh7 38. Qf6+ Rg7 39. Bxb3 Rxf1+ 40. Kxf1 Qxb3 41. Qh6+ Kg8 42. Qxd2 Qc4+ 43. Kg1 f4 44. Qd8+ Kh7 45. Qh4+ Kg8 46. Qd8+ Kf7 47. Qd7+ Kg6 48. Qe8+ Kh7 1/2-1/2

[Event "BCF-chT4 0607 (4NCL)"]
[Site "Sunningdale"]
[Date "2007.02.11"]
[Round "6.1"]
[White "Sully, David John"]
[Black "Prizant, Michael"]
[Result "1/2-1/2"]
[WhiteElo "2135"]
[BlackElo "2140"]
[PlyCount "33"]
[EventDate "2006.09.16"]
[EventType "team-tourn"]
[EventRounds "11"]
[EventCountry "ENG"]
[SourceTitle "EXT 2008"]
[Source "ChessBase"]
[SourceDate "2007.11.25"]
[SourceVersion "1"]
[SourceVersionDate "2007.11.25"]
[SourceQuality "1"]
[WhiteTeam "Monmouth"]
[BlackTeam "Conquistadors"]
[WhiteTeamCountry "ENG"]
[BlackTeamCountry "ENG"]

1. e4 c5 2. Nf3 g6 3. c3 Bg7 4. d4 cxd4 5. cxd4 d5 6. exd5 Nf6 7. Bb5+ Nbd7 8. d6 exd6 9. Qe2+ Qe7 10. Qxe7+ Kxe7 11. 0-0 Nb6 12. Re1+ Be6 13. Nc3 h6 14. Bd2 Rhd8 15. Bd3 g5 16. h3 Kf8 17. b3 1/2-1/2

[Event "BCF-chT4 0506 (4NCL)"]
[Site "West Bromwich"]
[Date "2005.11.05"]
[Round "1.2"]
[White "De Coverly, Roger D"]
[Black "Prizant, Michael"]
[Result "1/2-1/2"]
[WhiteElo "2083"]
[BlackElo "2135"]
[PlyCount "40"]
[EventDate "2005.11.05"]
[EventType "team-tourn"]
[EventRounds "11"]
[EventCountry "ENG"]
[SourceTitle "CBM 109 Extra"]
[Source "ChessBase"]
[SourceDate "2006.01.03"]
[SourceVersion "2"]
[SourceVersionDate "2006.01.03"]
[SourceQuality "1"]
[WhiteTeam "Slough Sharks IV"]
[BlackTeam "Conquistadors"]
[WhiteTeamCountry "ENG"]
[BlackTeamCountry "ENG"]

1. e4 c5 2. Nf3 d6 3. c3 Nf6 4. h3 Nc6 5. Bd3 g6 6. 0-0 Bg7 7. Bc2 0-0 8. Re1 e5 9. d4 cxd4 10. cxd4 exd4 11. Nxd4 Nxd4 12. Qxd4 Re8 13. Qd1 d5 14. Nc3 dxe4 15. Qxd8 Rxd8 16. Bg5 h6 17. Bxf6 Bxf6 18. Bxe4 Be6 19. Red1 Bxc3 20. bxc3 Rxd1+ 1/2-1/2

[Event "BCF-chT4a 0405 (4NCL)"]
[Site "Telford"]
[Date "2005.04.17"]
[Round "8.2"]
[White "De Coverly, Roger D"]
[Black "Prizant, Michael"]
[Result "0-1"]
[WhiteElo "2093"]
[BlackElo "2125"]
[PlyCount "64"]
[EventDate "2004.11.06"]
[EventType "team-tourn"]
[EventRounds "11"]
[EventCountry "ENG"]
[SourceTitle "EXT 2006"]
[Source "ChessBase"]
[SourceDate "2005.11.24"]
[SourceVersion "1"]
[SourceVersionDate "2005.11.24"]
[SourceQuality "1"]
[WhiteTeam "Slough Sharks IV"]
[BlackTeam "Conquistadors"]
[WhiteTeamCountry "ENG"]
[BlackTeamCountry "ENG"]

1. Nf3 d5 2. g3 c5 3. Bg2 Nf6 4. 0-0 Nc6 5. d4 e6 6. c4 Be7 7. Nc3 0-0 8. cxd5 exd5 9. Bg5 cxd4 10. Nxd4 h6 11. Be3 Re8 12. Rc1 Bf8 13. Nxc6 bxc6 14. Na4 Bd7 15. Bc5 Bxc5 16. Nxc5 Bf5 17. Re1 Rb8 18. Qd4 Qa5 19. Qf4 Bg6 20. Qa4 Qd2 21. Nb3 Qxb2 22. Rxc6 Rxe2 23. Rxe2 Qxe2 24. Bf1 Qf3 25. Nd2 Qg4 26. Qxa7 Rb2 27. Qa8+ Kh7 28. Rc8 Bf5 29. Rh8+ Kg6 30. h3 Qd4 31. g4 Rxd2 32. gxf5+ Kg5 0-1

[Event "BCF-chT4a 0405 (4NCL)"]
[Site "Telford"]
[Date "2005.01.15"]
[Round "3.3"]
[White "Dale, Hannah"]
[Black "Prizant, Michael"]
[Result "0-1"]
[WhiteElo "1875"]
[BlackElo "2125"]
[PlyCount "86"]
[EventDate "2004.11.06"]
[EventType "team-tourn"]
[EventRounds "11"]
[EventCountry "ENG"]
[SourceTitle "EXT 2006"]
[Source "ChessBase"]
[SourceDate "2005.11.24"]
[SourceVersion "1"]
[SourceVersionDate "2005.11.24"]
[SourceQuality "1"]
[WhiteTeam "Hilsmark Kingfisher III"]
[BlackTeam "Conquistadors"]
[WhiteTeamCountry "ENG"]
[BlackTeamCountry "ENG"]

1. c4 e6 2. Nc3 d5 3. d4 c5 4. e3 Nf6 5. Nf3 Nc6 6. Be2 Bd6 7. 0-0 0-0 8. b3 Re8 9. Bb2 cxd4 10. Nxd4 Nxd4 11. Qxd4 e5 12. Qd1 dxc4 13. Bxc4 a6 14. Qc2 e4 15. Ne2 b5 16. Bxf6 Qxf6 17. Bd5 Qe5 18. Nf4 Ra7 19. h4 h6 20. h5 Bg4 21. Qxe4 Qxe4 22. Bxe4 Bxf4 23. exf4 Rxe4 24. f3 Rxf4 25. fxg4 Rxg4 26. Kf2 Rg5 27. Rh1 Rc7 28. Rh2 Rcc5 29. Re1 Rc2+ 30. Re2 Rgc5 31. a3 Rxe2+ 32. Kxe2 Rc3 33. Rh3 Rxh3 34. gxh3 Kf8 35. Ke3 Ke7 36. h4 Kd6 37. Kd4 f5 38. b4 Ke6 39. Ke3 Ke5 40. Kf3 f4 41. Kf2 Ke4 42. Ke2 f3+ 43. Kf2 Kf4 0-1

[Event "Krzyszton mem corr"]
[Site "Poland corr"]
[Date "1999.07.15"]
[Round "?"]
[White "Cimmino, Pietro"]
[Black "Prizant, Michael"]
[Result "1/2-1/2"]
[WhiteElo "2515"]
[BlackElo "2534"]
[PlyCount "50"]
[EventDate "1999.07.15"]
[EventType "tourn (corr)"]
[EventRounds "14"]
[EventCountry "POL"]
[SourceTitle "Corr 2008"]
[Source "ChessBase"]
[SourceDate "2008.06.24"]
[SourceVersion "1"]
[SourceVersionDate "2008.06.24"]
[SourceQuality "1"]

1. e4 c5 2. Nf3 d6 3. d4 cxd4 4. Nxd4 Nf6 5. Nc3 g6 6. Be3 Bg7 7. f3 Nc6 8. Qd2 0-0 9. Bc4 Bd7 10. 0-0-0 Rc8 11. Bb3 Ne5 12. Kb1 Nc4 13. Bxc4 Rxc4 14. g4 Qb8 15. g5 Nh5 16. b3 Rcc8 17. Nd5 Rfe8 18. Ne2 Be6 19. Ng3 Bxd5 20. exd5 Qc7 21. Nxh5 gxh5 22. Qf2 a5 23. Bb6 Qc3 24. Bd4 Bxd4 25. Rxd4 b5 1/2-1/2